Missing Word: Pink Floyd Songs Quiz Stats

 Plays Quiz Updated Apr 25, 2018

Challenge
Share
Tweet
Embed
Score 0/26 Timer 05:00
0 Plays Today
Song Missing Word % Correct
Another _____ in the Wall (Part 2)Brick
94.4%
_____ You Were HereWish
91.9%
Us and _____Them
89.7%
Is There _____ Out There?Anybody
86%
The Great Gig in the _____Sky
83.6%
Goodbye _____ WorldCruel
83.1%
_____ On You Crazy DiamondShine
75.6%
Any Colour You _____Like
58.7%
_____ to the MachineWelcome
58.6%
Have a _____Cigar
56.9%
Brain _____Damage
52.4%
The _____ IceThin
49.3%
_____ Blue SkyGoodbye
45.9%
Song Missing Word % Correct
_____ on the Wing (Part One)Pigs
45.5%
Outside the _____Wall
43.1%
The _____ of WarDogs
41.8%
Young _____Lust
41.6%
A _____ of SecretsSaucerful
40.6%
Empty _____Spaces
36.3%
Set the _____ for the Heart of the SunControls
36.1%
On the _____ AwayTurning
35.3%
Nobody _____Home
35.2%
Waiting for the _____Worms
32.7%
One of My _____Turns
32.1%
In the _____Flesh
31.2%
Cluster _____One
24.1%

Today's Daily Dose

Missing Word
Entertainment 'M'

Word Ladder
North Carolina

On This Day
January 16th II

You're not logged in!

Compare scores with friends on all Sporcle quizzes.
OR
Log In

You Might Also Like...

Show Comments

Extras

Top Quizzes Today


Score Distribution

Your Account Isn't Verified!

In order to create a playlist on Sporcle, you need to verify the email address you used during registration. Go to your Sporcle Settings to finish the process.

Report this User

Report this user for behavior that violates our Community Guidelines.

Details: